000 00376nam a2200157Ia 4500
008 230711s9999||||xx |||||||||||||| ||und||
041 _aENG
082 _a651
_bRI-T
100 _aRiordan,Panley
245 0 _aTechnical report writing today
250 _a8th Ed.
260 _c2004
_aNew Delhi
_bBiiztantra
300 _a598
650 _aMechanical Engineering
942 _cBK
999 _c4806
_d4806